00389nam a2200121 a 450000100100000000500170001000800410002704000250006810000350009324500670012826000520019530000200024700003358320200930070350.0110901s1882 es 000 0 spa d aDO-SdBNPbspacBNPHU1 aRoselly de Lorguesd1805-1898.10aLes deux cercueils de Christophe Colomb /cRoselly de Lorgues. aParis :bImprime par Pillet et Dumoulin,c1882. a55 p. ;c23 cm.